|
|
|
|
| LEADER |
01638nam a2200385 i 4500 |
| 001 |
37521 |
| 003 |
BD-DhAAL |
| 005 |
20250622160120.0 |
| 008 |
180319t2021 bg bs 000 0 eng |
| 010 |
|
|
|a 2017350532
|
| 020 |
|
|
|a 9789843397935
|
| 025 |
|
|
|a B-E-2017350532; 22-92
|
| 037 |
|
|
|b Library of Congress -- New Delhi Overseas Office
|
| 040 |
|
|
|a DLC
|b eng
|e rda
|c DLC
|d DLC
|d BD-DhAAL
|
| 042 |
|
|
|a lcode
|a pcc
|
| 043 |
|
|
|a a-bg---
|
| 050 |
0 |
0 |
|a HF1590.6
|b .T716 2015
|
| 082 |
|
|
|a 332.15095492
|2 23
|
| 245 |
0 |
0 |
|a Trade services of banks in Bangladesh :
|b a compilation of selected studies by BIBM /
|c Bangladesh Institute of Bank Management (BIBM).
|
| 250 |
|
|
|a Second edition.
|
| 260 |
|
|
|a Dhaka :
|b Bangladesh Institute of Bank Management,
|c 2021.
|
| 300 |
|
|
|a vi, 388, [ii] pages ;
|c 22 cm.
|
| 500 |
|
|
|a Includes statistical tables.
|
| 504 |
|
|
|a Includes bibliographical references (pages 361-380).
|
| 541 |
|
|
|a Complimentary copy from Tamara Abed
|e 37521
|
| 650 |
|
0 |
|a Banks and banking, International
|z Bangladesh.
|9 42103
|
| 700 |
1 |
|
|a Habib, Shah Md. Ahsan.
|e Coordination
|9 42104
|
| 700 |
1 |
|
|a khan, Md. Al-Mamun.
|e Support team
|9 42099
|
| 700 |
1 |
|
|a Kabir, Md. Golam.
|e Support team
|9 42107
|
| 700 |
1 |
|
|a Rahman, Md. Morshadur.
|e Support team
|9 42108
|
| 710 |
2 |
|
|a Bangladesh Institute of Bank Management.
|9 42106
|
| 852 |
|
|
|a Ayesha Abed Library
|c General Stacks
|
| 942 |
|
|
|2 ddc
|c BK
|
| 999 |
|
|
|c 43255
|d 43255
|
| 952 |
|
|
|0 0
|1 0
|2 ddc
|4 0
|6 332_150954920000000_TRA
|7 0
|9 69363
|a BRACUL
|b BRACUL
|c GEN
|d 2021-09-07
|e Complimentary copy from Tamara Abed
|l 3
|m 66
|o 332.15095492 TRA
|p 3010037521
|r 2025-07-30
|s 2025-07-02
|t 1
|w 2021-09-07
|y BK
|